Riconosci lo Stato - Quiz n°141 - Statistics

Statistiche generali
  • Questo quiz è stato fatto 27 volte
  • Il punteggio medio è 11 su 11
Statistiche sulle risposte
Indizio Risposta % Corretto
Tasso di crescita 0%
100%
Superficie 0,44 km²
100%
Popolazione 764 ab.
100%
Iniziale della Capitale C
100%
Indipendenza dal Regno d'Italia,7 giugno 1929
100%
Valuta Euro
100%
Presidente del Governatorato Fernando Vérgez Alzaga
100%
Forma di Governo Monarchia assoluta elettiva teocratica
100%
Pontefice Papa Francesco
100%
Fuso Orario UTC+1 UTC+2 (ora legale)
100%
Risposta Città del Vaticano
91%
Nessun quiz corrispondente trovato
Distribuzione punteggi
Percentuale di utenti per punteggio
Percentile per numero di risposta
I tuoi punteggi nel tempo
Non hai fatto questo quiz